=LDR 00000nam 2200000 4500 =001 INLIS000000000003215 =005 20241111072520 =035 ##$$a 0010-0122001890 =245 1#$$a Ilmu Komunikasi : $b Perspektif, Proses dan Konteks /$c LUKIATI KOMALA =100 1#$$a KOMALA, Lukiati =250 ##$$a Cet. 1 =300 ##$$a xiv, 242 halaman : $b gambar ; $c 17,5x25 cm =856 ##$$a OPAC (Rak 1.1) =260 ##$$a Bandung :$b Widya Padjadjaran,$c 2009 =082 ##$$a 003.5 =084 ##$$a 003.5 KOM i =020 ##$$a 978-602-8323-30-7 =650 #4$$a Teori Komunikasi dan Kontrol =650 #4$$a Sumbangan Mahasiswa 2013 =500 ##$$a Sumbangan Mahasiswa 2013 =520 ##$$a Buku ini memandu mahasiswa ilmu komunikasi dan masyarakat peminat atau pengamat ilmu komunikasi, karena memaparkan dengan jelas dan tuntas mulai dari posisi ilmu komunikasi disejajarkan dan dipertautannya dengan ilmu lain. =008 241111###########################0#ind## =990 ##$$a 5202/SM-13